AN EVALUATION OF THE EFFECTS OF COMMUNICATION PRACTICES ON WOERK PERFORMANCE IN THE BANKING SECTOR (Record no. 217046)

MARC details
000 -LEADER
fixed length control field 00511nam a22001457a 4500
008 - FIXED-LENGTH DATA ELEMENTS--GENERAL INFORMATION
fixed length control field 260422b |||||||| |||| 00| 0 eng d
050 ## - LIBRARY OF CONGRESS CALL NUMBER
Classification number RES HD 58.7 .A83 2015
Item number C. 1
100 ## - MAIN ENTRY--PERSONAL NAME
Personal name ATANDI, SIMON MOMANYI
245 ## - TITLE STATEMENT
Title AN EVALUATION OF THE EFFECTS OF COMMUNICATION PRACTICES ON WOERK PERFORMANCE IN THE BANKING SECTOR
Remainder of title A CASE OF KENYA COMMERCIAL BANK - KISII BRANCH
260 ## - PUBLICATION, DISTRIBUTION, ETC.
Place of publication, distribution, etc. KISII
Name of publisher, distributor, etc. KISII
Date of publication, distribution, etc. 2015
300 ## - PHYSICAL DESCRIPTION
Extent Xi, 34p., ILL.
500 ## - GENERAL NOTE
General note INCLUDES REFERENCES
942 ## - ADDED ENTRY ELEMENTS (KOHA)
Source of classification or shelving scheme Dewey Decimal Classification
Koha item type Reference
Holdings
Withdrawn status Lost status Source of classification or shelving scheme Damaged status Not for loan Collection Home library Current library Shelving location Date acquired Inventory number Total checkouts Date last seen Price effective from Koha item type
    Library of Congress Classification     Special Research Kisii University Library Kisii University Library On Display 04/22/2026 84798   04/22/2026 04/22/2026 Reference